000 00802nas a2200277 4500
001 BR2012001786
003 BR-BrBNA
005 20231205120303.0
007 ta
008 230509b bl.|||p| |||| 00| 00por d
040 _aBR-BrBNA
_bpor
_cBiblioteca Nacional de Agricultura
041 _a(Pt)
072 _aF03; H20
100 1 _aBarreto, S. da S.
100 1 _aResende, D.V. de
100 1 _aBlum, L.E.B.
245 1 _aFungos em sementes de plantas ornamentais
650 _aPLANTA ORNAMENTAL
650 _aDAHLIA SPP
650 _aSEMENTE
650 _aFUNGO
650 _aALTERNARIA ALTERNATA
773 0 _tRevista Brasileira de Sementes (Brazil)
_xISSN 0101-3122
_g(Sep 2011), v. 33(3) p. 561-573
_wBR2012001786
909 _a202311
_bLúcia
_c55
_dLúcia Elande
942 _2AGRIS
_n0
_cANA
999 _c217751
_d217751